Administración estratégica (Registro nro. 2022)

Detalles MARC
000 -Cabecera
Campo de control de longitud fija 02708aam a2200829 4500
005 - Fecha y hora de la última transacción
Campo de control 20250113132850.0
008 - Elementos de longitud fija--Información general
Campo de control de longitud fija 150721b xxu||||| |||| 00| 0 spa d
041 ## - Idioma
Código de idioma
082 ## - Clasificación Decimal Dewey
Número de clasificación 658.401.2 L961ad
100 ## - Entrada principal--Autor personal
Nombre personal Luna Gonzáles, Alfredo Cipriano
9 (RLIN) 16587
245 ## - Título propiamente dicho
Título Administración estratégica
260 ## - Pie de imprenta
Lugar de publicación, distribución, etc. México
Nombre del editor, distribuidor, etc. Patria
Fecha de publicación, distribución, etc. 2010
300 ## - Descripción física
Extensión 340 páginas
650 ## - Materia general
Temática (materia general) AMINISTRACIÓN ESTRATÉGICA
650 ## - Materia general
Temática (materia general) DIAGNÓSTICO Y SUS CARACTERISTICAS
650 ## - Materia general
Temática (materia general) DIAGNÓSTICO ESTRATÉGICO
650 ## - Materia general
Temática (materia general) DIRECCIÓN DE EMPRESAS
650 ## - Materia general
Temática (materia general) METODOLOGÍA DEL DIAGNÓSTICO
650 ## - Materia general
Temática (materia general) ANÁLISIS FODA
650 ## - Materia general
Temática (materia general) SISTEMAS DE INFORMACIÓN
650 ## - Materia general
Temática (materia general) ANÁLISIS ESTRUCTURAL
650 ## - Materia general
Temática (materia general) MÉTODOS DE OBTENCIÓN DE DATOS
650 ## - Materia general
Temática (materia general) INSTRUMENTOS SUGERIDOS PARA LA EVALUACIÓN
650 ## - Materia general
Temática (materia general) GESTIÓN DE ADMINISTRACIÓN ESTRATÉGICA
650 ## - Materia general
Temática (materia general) ESTRATÉGIAS CORPORATIVAS
650 ## - Materia general
Temática (materia general) DETERMINAR LA MISIÓN
650 ## - Materia general
Temática (materia general) FORMULACIÓN DE OBJETIVOS ESTRATÉGICOS
650 ## - Materia general
Temática (materia general) ANÁLISIS INTERNO DE LA EMPRESA
650 ## - Materia general
Temática (materia general) RECURSOS HUMANOS
650 ## - Materia general
Temática (materia general) RECURSOS FINANCIEROS
650 ## - Materia general
Temática (materia general) RECURSOS MATERIALES
650 ## - Materia general
Temática (materia general) RECURSOS TECNOLÓGICOS
650 ## - Materia general
Temática (materia general) MERCADOTECNIA
650 ## - Materia general
Temática (materia general) ANÁLISIS EXTERNO DE LA EMPRESA
650 ## - Materia general
Temática (materia general) OPORTUNIDADES Y AMANEZAS
650 ## - Materia general
Temática (materia general) ÁMBITO ECONÓMICO
650 ## - Materia general
Temática (materia general) ÁMBITO DEMOGRÁFICO
650 ## - Materia general
Temática (materia general) ÁMBITO DE LEGISLACIÓN Y POLÍTICO
650 ## - Materia general
Temática (materia general) ÁMBITO SOCIOCULTURAL
650 ## - Materia general
Temática (materia general) ÁMBITO TECNOLÓGICO
650 ## - Materia general
Temática (materia general) MODELO DE FUERZAS COMPETITIVAS
650 ## - Materia general
Temática (materia general) BENCHMARKING
650 ## - Materia general
Temática (materia general) EMPOWERMENT
650 ## - Materia general
Temática (materia general) DAWNSIZING
650 ## - Materia general
Temática (materia general) LIDERAZGO
650 ## - Materia general
Temática (materia general) ÉTICA ADMINISTRATIVA
650 ## - Materia general
Temática (materia general) ESTRATEGIAS GENÉRICAS
650 ## - Materia general
Temática (materia general) LIDERAZGO EN COSTO
650 ## - Materia general
Temática (materia general) TIPOS DE ESTRATEGIAS EMPRESARIALES
650 ## - Materia general
Temática (materia general) ESTRATEGIAS CORPORATIVAS
650 ## - Materia general
Temática (materia general) ESTRATEGIA DE UNIDAD DE NEGOCIOS
650 ## - Materia general
Temática (materia general) ESTRATEGIAS HORIZONTALES
650 ## - Materia general
Temática (materia general) ESTRATEGIAS DE COOPERACIÓN
650 ## - Materia general
Temática (materia general) ESTRATEGIAS DE FUSION
650 ## - Materia general
Temática (materia general) ESTRATEGIAS DE ADQUISICIÓN
650 ## - Materia general
Temática (materia general) ESTRATEGIAS OFENCIVAS
650 ## - Materia general
Temática (materia general) EVALUACIÓN DE ESTRATEGIAS
650 ## - Materia general
Temática (materia general) ADAPTACIÓN DE LA ESTRATEGIA
650 ## - Materia general
Temática (materia general) IMPLANTAR ESTRATEGIAS
650 ## - Materia general
Temática (materia general) CALIDAD TOTAL
650 ## - Materia general
Temática (materia general) LIDERAZGO ESTRATÉGICO
650 ## - Materia general
Temática (materia general) CUALIDADES DEL LÍDER
650 ## - Materia general
Temática (materia general) MANTENER UNA CULTURA ORGANIZACIONAL EFECTIVA
650 ## - Materia general
Temática (materia general) COACHING
650 ## - Materia general
Temática (materia general) DIRECTRICES PARA COACHING
650 ## - Materia general
Temática (materia general) LA ÉTICA
650 ## - Materia general
Temática (materia general) CLIMA ÉTICO DE LA ORGANIZACIÓN
650 ## - Materia general
Temática (materia general) RESPONSABILIDAD SOCIAL EMPRESARIAL
650 ## - Materia general
Temática (materia general) CONTROL ESTRATÉGICO DE GESTIÓN
942 ## - Punto de acceso adicional KOHA
Tipo de ítem KOHA Libro
Fuente del sistema de clasificación o colocación Dewey Decimal Classification
Existencias
Signatura completa Código de barras Programa Académico Tipo de ítem
658.401.2 L961ad 17065   Libro
658.401.2 L961ad 17066   Libro